Normal view
MARC view
- Ryan, Tim
Entry Personal Name
001 - CONTROL NUMBER
- control field: 134224
003 - CONTROL NUMBER IDENTIFIER
- control field: NUST
005 - DATE AND TIME OF LATEST TRANSACTION
- control field: 20260421120259.0
008 - FIXED-LENGTH DATA ELEMENTS
- fixed length control field: 260421|| aca||aabn | a|a d
040 ## - CATALOGING SOURCE
- Original cataloging agency: NUST
- Transcribing agency: NUST
100 ## - HEADING--PERSONAL NAME
- Personal name: Ryan, Tim
670 ## - SOURCE DATA FOUND
- Source citation: Work cat.: (NUST): Ryan, Tim., A Mindful Nation: How a Simple Practice Can Help Us Reduce Stress, Improve Performance, and Recapture the American Spirit /, 2012.
